[Event "EU-ch U14 Girls 26th"]
[Site "Prague"]
[Date "2016.08.19"]
[Round "2"]
[White "Gresova, Zuzana"]
[Black "Sibajeva, Marija"]
[Result "1/2-1/2"]
[WhiteElo "1810"]
[BlackElo "2021"]
[PlyCount "80"]
[EventDate "2016.08.18"]
[EventType "swiss"]
[EventRounds "9"]
[EventCountry "CZE"]
[SourceTitle "CBM 174 Extra"]
[Source "ChessBase"]
[SourceDate "2016.10.10"]
[SourceVersion "1"]
[SourceVersionDate "2016.10.10"]
[SourceQuality "1"]

1. e4 c5 2. Nf3 e6 3. d4 cxd4 4. Nxd4 Nc6 5. Nc3 Qc7 6. Be2 a6 7. 0-0 Nf6 8. Nxc6 bxc6 9. f4 d5 10. Bf3 Be7 11. Kh1 0-0 12. Qe1 Bb7 13. e5 Nd7 14. Na4 c5 15. Bd2 Bc6 16. Nc3 a5 17. b3 a4 18. Qg3 axb3 19. axb3 Rxa1 20. Rxa1 Ra8 21. Qe1 Qb8 22. h3 Rxa1 23. Qxa1 Qa8 24. Qxa8+ Bxa8 25. Kg1 f6 26. exf6 gxf6 27. f5 Ne5 28. fxe6 Nxf3+ 29. gxf3 d4 30. Ne4 Bd5 31. Kg2 Bxe6 32. Ba5 Bf5 33. Bb6 Bxe4 34. fxe4 Kf7 35. Kf3 Ke6 36. Ba5 Ke5 37. Be1 Bd6 38. Bg3+ Ke6 39. Be1 h5 40. h4 Be5 1/2-1/2